00480nam a2200181Ia 450000500170000000800410001702000150005804000190007304100120009208200180010410000180012224500510014026000330019130000140022450400340023865000150027285000110028720240408110050.0131103s9999 xx 000 0 und d a034005963x aLoreto College aEnglish a150.287 bAKH aAkhurst, B.A. aAssessing Intellectual Ability cB.A.Akhurst aLondonbTeach Yourselfc1970 aix,180p.  aIncludes bibliography & index aPsychology aLCBED